Statistics for top 20 countries by population in Europe by jelle03Otter

Click here to take the quiz!

General Stats

  • This quiz has been taken 19 times
  • The average score is 20 of 20

Answer Stats

Answer% Correct
1Russia
100%
10Netherlands
100%
15Sweden
100%
14Czech Republic
100%
13Greece
100%
12Portugal
100%
2Germany
100%
11Belgium
100%
8Poland
100%
7Ukraine
100%
6Spain
100%
5Italy
100%
4France
100%
3United Kingdom
100%
9Romania
95%
16Hungary
95%
18Austria
95%
19Switzerland
95%
20Serbia
95%
17Belarus
89%

Score Distribution

Percentile by Number Answered

Percent of People with Each Score

Your Score History

You have not taken this quiz